| 000 | 00502nam a2200145Ia 4500 | ||
|---|---|---|---|
| 008 | 170221s9999 xx 000 0 und d | ||
| 100 | _aOlga Aleksandrovna Sotnikova | ||
| 245 | _aSemantic Aspect of Methodical Training of Faculty Members (Recursive Model) | ||
| 245 | _cOlga Aleksandrovna Sotnikova | ||
| 260 | _bInternational Review of Management and Marketing | ||
| 260 | _c2016 | ||
| 300 | _a6 : 3S | ||
| 650 | _xMarketing. | ||
| 856 | _uhttp://www.econjournals.com/index.php/irmm/issue/view/75 | ||
| 999 |
_c308457 _d308457 |
||